000 00811nam a2200289 a 4500
003 AR-BaBNM
005 20251128205948.0
008 082120s2002 ||||||||||||||000 | spa||
020 _a84-7432-553-6
040 _cAR-BaBNM
100 1 _aRossell Ibern, Anna Maria
245 0 0 _aManual de traducción
_balemán / castellano
250 _a1ª ed.
260 _aBarcelona
_bGedisa
_c1996
300 _a222 p.
490 0 _aPráctica, universitaria y técnica
500 _aContiene referencias bibliográficas en p. 219
650 4 _aTRADUCCION
650 4 _aLINGUISTICA
650 4 _aLINGÜISTICA COMPARATIVA Y DIACRONICA
650 4 _aTEORIA LINGUISTICA
650 4 _aALEMAN
650 4 _aESPAÑOL
700 1 _aSánchez González, José Luis
_eprologuista
942 _cBK
998 _cMARTIN
999 _c13494
_d13494